| 000 -LEADER |
| fixed length control field |
01060nam a22001937a 4500 |
| 005 - DATE AND TIME OF LATEST TRANSACTION |
| control field |
20241001144745.0 |
| 008 - FIXED-LENGTH DATA ELEMENTS--GENERAL INFORMATION |
| fixed length control field |
241001b ||||| |||| 00| 0 eng d |
| 040 ## - CATALOGING SOURCE |
| Transcribing agency |
SSBUL |
| 041 ## - LANGUAGE CODE |
| Language code of text/sound track or separate title |
Myanmar |
| 082 ## - DEWEY DECIMAL CLASSIFICATION NUMBER |
| Edition number |
23 |
| Classification number |
၀၀၁ ကျေ် |
| Item number |
၁၃၁၁၉ S-SAT |
| 100 0# - MAIN ENTRY--PERSONAL NAME |
| Personal name |
ကျော်ရေး၊ ဦး။ |
| 9 (RLIN) |
54769 |
| 245 1# - TITLE STATEMENT |
| Title |
ရတနာ့ဘဏ်တိုက်၊ |
| Remainder of title |
မှတ်စရာ ငါးရာတဆဲ့ရှစ်ဖြာ၊ မင်းဆက်ရာဇဝင်သားချင်းနှင့် မင်းဆက်ရာဇဝင်လင်္ကာ / |
| Statement of responsibility, etc. |
ဦးကျော်ရေး။ |
| 260 ## - PUBLICATION, DISTRIBUTION, ETC. |
| Place of publication, distribution, etc. |
ရန်ကုန် ၊ |
| Name of publisher, distributor, etc. |
ဆုထူးပန်စာပေတိုက်၊ |
| Date of publication, distribution, etc. |
[ခုနှစ်မပါ]။ |
| 300 ## - PHYSICAL DESCRIPTION |
| Extent |
န၊ ၂၈၃ စာမျက်နှာ ၊ |
| Dimensions |
၁၈ စင်တီ။ |
| 500 ## - GENERAL NOTE |
| General note |
S-SAT: Dr Sai Aung Tun Collection. |
| 650 ## - SUBJECT ADDED ENTRY--TOPICAL TERM |
| Topical term or geographic name entry element |
အထွေထွေဗဟုသုတ |
| 9 (RLIN) |
14962 |
|
| Topical term or geographic name entry element |
ဗုဒ္ဓဘာသာ သိမှတ်စရာ |
| 9 (RLIN) |
54770 |
| 942 ## - ADDED ENTRY ELEMENTS (KOHA) |
| Source of classification or shelving scheme |
|
| Koha item type |
Book (Short term) |